The dictionary of body language : (Record no. 590539)
[ view plain ]
| 000 -LEADER | |
|---|---|
| fixed length control field | 01671cam a2200361 i 4500 |
| 001 - CONTROL NUMBER | |
| control field | 20535872 |
| 003 - CONTROL NUMBER IDENTIFIER | |
| control field | NUST |
| 005 - DATE AND TIME OF LATEST TRANSACTION | |
| control field | 20220828160557.0 |
| 008 - FIXED-LENGTH DATA ELEMENTS--GENERAL INFORMATION | |
| fixed length control field | 180605s2018 nyu bd 001 0 eng c |
| 010 ## - LIBRARY OF CONGRESS CONTROL NUMBER | |
| LC control number | 2018024764 |
| 020 ## - INTERNATIONAL STANDARD BOOK NUMBER | |
| International Standard Book Number | 9780062846877 |
| Qualifying information | (trade paperback) |
| 038 ## - RECORD CONTENT LICENSOR | |
| Staff Name | Azhar |
| 040 ## - CATALOGING SOURCE | |
| Original cataloging agency | LBSOR/DLC |
| Language of cataloging | eng |
| Transcribing agency | LBSOR |
| Description conventions | rda |
| Modifying agency | DLC |
| 042 ## - AUTHENTICATION CODE | |
| Authentication code | pcc |
| 050 00 - LIBRARY OF CONGRESS CALL NUMBER | |
| Classification number | BF637.N66 |
| Item number | N378 2018 |
| 082 00 - DEWEY DECIMAL CLASSIFICATION NUMBER | |
| Classification number | 153.6903 |
| Edition number | 23 |
| Author Mark | NAV |
| 100 1# - MAIN ENTRY--PERSONAL NAME | |
| Personal name | Navarro, Joe, |
| Dates associated with a name | 1953- |
| Relator term | author. |
| 9 (RLIN) | 94724 |
| 245 14 - TITLE STATEMENT | |
| Title | The dictionary of body language : |
| Remainder of title | a field guide to human behavior |
| Statement of responsibility, etc. | Joe Navarro. |
| 250 ## - EDITION STATEMENT | |
| Edition statement | First Edition. |
| 260 ## - PUBLICATION, DISTRIBUTION, ETC. | |
| Place of publication, distribution, etc. | New York |
| Name of publisher, distributor, etc. | William Morrow, an imprint of HarperCollinsPublishers, |
| Date of publication, distribution, etc. | 2018 |
| 300 ## - PHYSICAL DESCRIPTION | |
| Extent | x, 197 p |
| Dimensions | 19 cm |
| 336 ## - CONTENT TYPE | |
| Content type term | text |
| Content type code | txt |
| Source | rdacontent |
| 337 ## - MEDIA TYPE | |
| Media type term | unmediated |
| Media type code | n |
| Source | rdamedia |
| 338 ## - CARRIER TYPE | |
| Carrier type term | volume |
| Carrier type code | nc |
| Source | rdacarrier |
| 504 ## - BIBLIOGRAPHY, ETC. NOTE | |
| Bibliography, etc. note | Includes bibliographical references (pages 181-183) and index. |
| 505 0# - FORMATTED CONTENTS NOTE | |
| Formatted contents note | The head -- The forehead -- The ears -- The eyebrows -- The eyes -- The nose -- The face -- The mouth -- The lips -- The cheeks and jaw -- The chin -- The neck -- The shoulders -- The arms -- The hands and fingers -- The chest, torso, and belly -- The hips, buttocks, and genitals -- The legs -- The feet. |
| 520 ## - SUMMARY, ETC. | |
| Summary, etc. | "From former FBI agent and bestselling author Joe Navarro comes the essential book for decoding human behavior, revealing the more than 400 essential body language indicators"-- |
| Assigning source | Provided by publisher. |
| 563 ## - BINDING INFORMATION | |
| Binding note | PB |
| 650 #0 - SUBJECT ADDED ENTRY--TOPICAL TERM | |
| Topical term or geographic name entry element | Body language |
| Form subdivision | Dictionaries. |
| 9 (RLIN) | 94725 |
| 906 ## - LOCAL DATA ELEMENT F, LDF (RLIN) | |
| a | 7 |
| b | cbc |
| c | orignew |
| d | 1 |
| e | ecip |
| f | 20 |
| g | y-gencatlg |
| 942 ## - ADDED ENTRY ELEMENTS (KOHA) | |
| Source of classification or shelving scheme | |
| Koha item type | Lincoln Corner |
| Withdrawn status | Lost status | Source of classification or shelving scheme | Damaged status | Not for loan | Permanent Location | Current Location | Shelving location | Date acquired | Full call number | Barcode | Date last seen | Price effective from | Koha item type |
|---|---|---|---|---|---|---|---|---|---|---|---|---|---|
| Central Library (CL) | Central Library (CL) | Lincoln Corner | 07/23/2022 | 153.6903 NAV | LC-41 | 07/23/2022 | 07/23/2022 | Reference |
